Aboriginal people and other Canadians: shaping new relationships.

Guardat en:
Dades bibliogràfiques
Autor principal: Thornton, Martin
Altres autors: Todd, Roy
Format: Llibre
Idioma:anglès
Publicat: Ottawa, Canada University of Ottawa Press 2001
Col·lecció:Rincón Canadá
International Canadian Studies Series 5
Matèries:
Etiquetes: Afegir etiqueta
Sense etiquetes, Sigues el primer a etiquetar aquest registre!

MARC

LEADER 00000cam a2200000 a 4500
001 UCE3667
003 CL-VaPUC
005 20221025074414.0
008 140911e20010000cn |||||||||||||||||eng|d
999 |c 356854  |d 356852 
020 |a 0776630180 
020 |a 0776605410 
040 |c Pontificia Universidad Católica de Valparaíso 
082 0 4 |a 305.897 THO 2001  |2 21 
100 0 |a Thornton, Martin  |9 576132 
245 1 0 |a Aboriginal people and other Canadians: shaping new relationships. 
260 0 3 |a Ottawa, Canada  |b University of Ottawa Press  |c 2001 
300 |a 222 páginas. 
490 0 |a Rincón Canadá 
490 0 |a International Canadian Studies Series  |v 5 
583 |a last modification  |c 20140911 14:25:00  |k Rodrigo Vera 
650 0 |a Aborígenes  |9 329972 
650 0 |a Pueblos indígenas   |9 357564 
650 7 |a INDIOS NORTEAMERICANOS  |2 CL-VaPUC  |9 349674 
651 7 |a CANADA  |2 CL-VaPUC  |9 576134 
700 0 |a Todd, Roy  |9 576133 
942 |c BK  |2 ddc 
945 |d 20140911 14:25:00  |a arojas 
952 |0 0  |1 0  |2 ddc  |3 erb  |4 0  |6 305_897000000000000_THO_2001  |7 0  |8 A  |9 464611  |a BIBHIS  |b BIBHIS  |i 5114152  |o 305.897 THO 2001  |p 5114152  |r 2025-01-20  |t 1  |w 2019-11-23  |y BK  |z Catalogado en:20140911  |k HIS